| 000 | 00321 a2200121 4500 | ||
|---|---|---|---|
| 001 | 45508 | ||
| 082 | _a355.095491 RIZ | ||
| 090 |
_c28667 _d28667 |
||
| 100 | _aHassan Askari Rizvi | ||
| 245 | _aThe military and politics in Pakistan 1947-1986 | ||
| 260 |
_aLahore _bProgressive publishing _c1974 |
||
| 300 | _axiv339 | ||
| 942 |
_aNUST-CAE _k355.095491 RIZ |
||
| 999 |
_c280581 _d280581 |
||